[Event "10. Open Internacional de Galapagar"]
[Site "Galapagar ESP"]
[Date "2009.07.20"]
[Round "3.43"]
[White "Saiz Lopez, Antonio"]
[Black "Takvor Mena, Samuel"]
[Result "1-0"]
[WhiteElo "1908"]
[BlackElo "1588"]
[PlyCount "83"]
[EventDate "2009.07.18"]
[EventType "swiss"]
[EventRounds "9"]
[EventCountry "ESP"]
[Source "lmi"]
[SourceDate "2009.07.18"]

1. d4 d5 2. Nf3 c6 3. g3 e6 4. Bg2 f5 5. O-O Nf6 6. b3 Bd6 7. Bb2 O-O 8. Ne5
Nbd7 9. Nd2 Ne4 10. f3 Nxd2 11. Qxd2 Qf6 12. Nd3 c5 13. dxc5 Bxc5+ 14. Nxc5
Qxb2 15. Nxe6 Rf6 16. Nc7 Rb8 17. Nxd5 Rf8 18. Ne7+ Kh8 19. Nxc8 Rbxc8 20. Qxd7
Rxc2 21. Qe7 Rg8 22. Qxb7 Rxe2 23. f4 h6 24. Rad1 Rge8 25. Bc6 Rg8 26. Qxa7
Rxh2 27. Rf2 Rxf2 28. Qxf2 Qc3 29. Bb5 Qb4 30. Bc4 Re8 31. Qd2 Qc5+ 32. Qd4 Qe7
33. Bb5 Rg8 34. Kf2 Qa3 35. Rd2 Qe7 36. Bc4 Re8 37. Re2 Qf8 38. Rxe8 Qxe8 39.
Qd5 Qb8 40. a4 Qa7+ 41. Kf3 Kh7 42. Qxf5+ 1-0

[Event "10. Open Internacional de Galapagar"]
[Site "Galapagar ESP"]
[Date "2009.07.20"]
[Round "3.52"]
[White "Quesada Ordinas, Jaime"]
[Black "Tejeiro Orellana, Jose Antonio"]
[Result "1-0"]
[WhiteElo "1687"]
[BlackElo "1685"]
[PlyCount "73"]
[EventDate "2009.07.18"]
[EventType "swiss"]
[EventRounds "9"]
[EventCountry "ESP"]
[Source "lmi"]
[SourceDate "2009.07.18"]

1. e4 c5 2. Nf3 d6 3. d4 cxd4 4. Nxd4 a6 5. Nc3 Nf6 6. f3 Nc6 7. Be3 e5 8. Nde2
Be7 9. Qd2 b5 10. Nd5 Nxd5 11. Qxd5 Bd7 12. Nc3 O-O 13. Qd2 Na5 14. Nd5 Nc4 15.
Bxc4 bxc4 16. Bb6 Bg5 17. Qc3 Qb8 18. Bc7 Qa7 19. Bxd6 Rfd8 20. Bxe5 f6 21. Bd4
Qb7 22. h4 Bh6 23. Qb4 Qxb4+ 24. Nxb4 Be6 25. Bc3 a5 26. Nc6 Rd6 27. Nxa5 Rb8
28. Ke2 Bf4 29. Rhd1 Rxd1 30. Rxd1 Bc7 31. Nc6 Rb6 32. Nd4 Be5 33. Nxe6 Rxe6
34. Bxe5 fxe5 35. b3 cxb3 36. axb3 Rb6 37. Rd5 1-0

[Event "10. Open Internacional de Galapagar"]
[Site "Galapagar ESP"]
[Date "2009.07.21"]
[Round "4.1"]
[White "Guerra Mendez, Jose Angel"]
[Black "Ortiz Suarez, Isam"]
[Result "1-0"]
[WhiteElo "2408"]
[BlackElo "2504"]
[PlyCount "137"]
[EventDate "2009.07.18"]
[EventType "swiss"]
[EventRounds "9"]
[EventCountry "ESP"]
[Source "lmi"]
[SourceDate "2009.07.18"]

1. e4 c5 2. Nf3 d6 3. d4 cxd4 4. Nxd4 Nf6 5. Nc3 e6 6. Bc4 a6 7. Bb3 Nbd7 8.
Bg5 Qa5 9. Qd2 h6 10. Bxf6 Nxf6 11. O-O-O Be7 12. f4 Nd7 13. a3 Nc5 14. Ba2 Bd7
15. Kb1 Rc8 16. f5 e5 17. Nb3 Nxb3 18. cxb3 Bc6 19. h4 Qd8 20. Qf2 h5 21. b4
Rh6 22. g3 Qd7 23. Rc1 Bd8 24. Qe3 Rh8 25. Nd5 Rg8 26. Rhg1 Bb5 27. Rxc8 Qxc8
28. Rc1 Bc6 29. Qf3 Rh8 30. a4 Qd7 31. a5 Rh6 32. Bc4 Rh7 33. Nc3 Rh8 34. Bd5
Rh6 35. Qd3 g6 36. Rf1 g5 37. Qe3 f6 38. Rh1 Rh7 39. Qe2 Bxd5 40. Nxd5 Qb5 41.
Qf3 g4 42. Qe3 Kd7 43. Rc1 Rf7 44. Qc3 Ke8 45. Qc8 Qd3+ 46. Ka1 Qd2 47. Kb1
Qd3+ 48. Ka2 Qb5 49. Nc7+ Rxc7 50. Rxc7 Qa4+ 51. Kb1 Qd1+ 52. Rc1 Qd3+ 53. Ka1
Qb3 54. Qc3 Qxc3 55. Rxc3 Kd7 56. Kb1 d5 57. exd5 Be7 58. Rc4 Kd6 59. Kc2 Kxd5
60. Rc7 Bxb4 61. Rxb7 Bxa5 62. b4 Kc6 63. Rb8 Kc7 64. Rh8 Bxb4 65. Rxh5 Be1 66.
Rh7+ Kd8 67. h5 Ke8 68. Rg7 Bxg3 69. h6 1-0

[Event "10. Open Internacional de Galapagar"]
[Site "Galapagar ESP"]
[Date "2009.07.21"]
[Round "4.2"]
[White "Almagro Llamas, Pablo"]
[Black "Gomez Ledo, Roberto Carlos"]
[Result "0-1"]
[WhiteElo "2481"]
[BlackElo "2404"]
[PlyCount "88"]
[EventDate "2009.07.18"]
[EventType "swiss"]
[EventRounds "9"]
[EventCountry "ESP"]
[Source "lmi"]
[SourceDate "2009.07.18"]

1. e4 e5 2. Nf3 Nc6 3. Bb5 a6 4. Ba4 Nf6 5. O-O Be7 6. Re1 b5 7. Bb3 d6 8. c3
O-O 9. h3 Nb8 10. d4 Nbd7 11. Nbd2 Bb7 12. Bc2 Re8 13. Nf1 Bf8 14. Ng3 g6 15.
a4 c5 16. d5 c4 17. Bg5 h6 18. Be3 Nc5 19. Qd2 h5 20. Bh6 Nh7 21. Bxf8 Rxf8 22.
Qh6 Qf6 23. Ra3 Rab8 24. Rea1 Bc8 25. Nd2 h4 26. Ne2 bxa4 27. R3a2 Bd7 28. Qe3
Qg5 29. f4 exf4 30. Nxf4 Bb5 31. Rf1 Rbe8 32. Qd4 Nb3 33. Qe3 Nxd2 34. Qxd2 Nf6
35. Qd4 Qe5 36. Qb6 g5 37. Ne2 Nxd5 38. Qf2 f5 39. Raa1 fxe4 40. Qa7 Nf4 41.
Nd4 Rf7 42. Qb6 Qc5 43. Qa5 Ne2+ 44. Kh2 Qe5+ 0-1

[Event "10. Open Internacional de Galapagar"]
[Site "Galapagar ESP"]
[Date "2009.07.21"]
[Round "4.3"]
[White "Perez Gonzalez, Jose Manuel"]
[Black "Gomez Garrido, Camilo"]
[Result "0-1"]
[WhiteElo "2307"]
[BlackElo "2461"]
[PlyCount "70"]
[EventDate "2009.07.18"]
[EventType "swiss"]
[EventRounds "9"]
[EventCountry "ESP"]
[Source "lmi"]
[SourceDate "2009.07.18"]

1. e4 c5 2. Nf3 d6 3. d4 cxd4 4. Nxd4 Nf6 5. Nc3 a6 6. Bc4 e6 7. O-O b5 8. Bb3
Be7 9. Qf3 Qb6 10. Bg5 Qb7 11. Rfe1 O-O 12. a3 Nbd7 13. Re3 h6 14. Bh4 Ne5 15.
Qd1 Ng6 16. Bg3 Rd8 17. Qe2 Qb6 18. Rd1 Bb7 19. Kh1 d5 20. exd5 Nxd5 21. Nxd5
Bxd5 22. Bxd5 Rxd5 23. Nb3 Rxd1+ 24. Qxd1 b4 25. axb4 Qxb4 26. f3 a5 27. Be1
Qb6 28. Re4 a4 29. Qa1 Qa6 30. Nd2 f5 31. Rd4 Bf6 32. Rd3 Nf4 33. Re3 Bd4 34.
Bf2 Bxe3 35. Bxe3 Nxg2 0-1

[Event "10. Open Internacional de Galapagar"]
[Site "Galapagar ESP"]
[Date "2009.07.21"]
[Round "4.4"]
[White "Adan Bermudez, Sergio"]
[Black "Candela Perez, Jose"]
[Result "1/2-1/2"]
[WhiteElo "2265"]
[BlackElo "2408"]
[PlyCount "72"]
[EventDate "2009.07.18"]
[EventType "swiss"]
[EventRounds "9"]
[EventCountry "ESP"]
[Source "lmi"]
[SourceDate "2009.07.18"]

1. c4 Nf6 2. g3 g6 3. Bg2 Bg7 4. Nc3 O-O 5. e4 d6 6. Nge2 c5 7. a3 Nc6 8. Rb1
Ne8 9. b4 Nc7 10. d3 b6 11. O-O Bg4 12. f3 Bd7 13. Be3 Ne6 14. b5 Ncd4 15. f4
a6 16. a4 axb5 17. axb5 Ra3 18. Bc1 Nxe2+ 19. Nxe2 Ra2 20. Be3 Qc7 21. f5 Nd4
22. Bxd4 cxd4 23. Nf4 e6 24. fxe6 fxe6 25. Bh3 Rf6 26. Ra1 Rxa1 27. Qxa1 g5 28.
Qa8+ Qc8 29. Qxc8+ Bxc8 30. Nxe6 Bxe6 31. Rxf6 Bxf6 32. Bxe6+ Kg7 33. Bg4 Kg6
34. Bd7 h5 35. Be8+ Kh6 36. Kg2 g4 1/2-1/2

[Event "10. Open Internacional de Galapagar"]
[Site "Galapagar ESP"]
[Date "2009.07.21"]
[Round "4.5"]
[White "Garrido Dominguez, Jesus"]
[Black "Castano Vanegas, Henry Augusto"]
[Result "1-0"]
[WhiteElo "2333"]
[BlackElo "2237"]
[PlyCount "44"]
[EventDate "2009.07.18"]
[EventType "swiss"]
[EventRounds "9"]
[EventCountry "ESP"]
[Source "lmi"]
[SourceDate "2009.07.18"]

1. e4 e6 2. d4 d5 3. Nd2 c5 4. dxc5 Bxc5 5. Nb3 Bb6 6. exd5 exd5 7. Qf3 Nc6 8.
Ne2 Nge7 9. Bf4 Bf5 10. c3 O-O 11. Ng3 Be4 12. Nxe4 dxe4 13. Qg4 Ng6 14. Rd1
Qe7 15. Bd6 Qf6 16. Bc5 Rfe8 17. Be2 Bxc5 18. Nxc5 Nf4 19. h4 Ne5 20. Qg5 Nf3+
21. gxf3 Qxg5 22. hxg5 exf3 1-0

[Event "10. Open Internacional de Galapagar"]
[Site "Galapagar ESP"]
[Date "2009.07.21"]
[Round "4.6"]
[White "Paarup, Torsten"]
[Black "Sanchez Gonzalez, Sergio"]
[Result "0-1"]
[WhiteElo "2029"]
[BlackElo "2305"]
[PlyCount "110"]
[EventDate "2009.07.18"]
[EventType "swiss"]
[EventRounds "9"]
[EventCountry "ESP"]
[Source "lmi"]
[SourceDate "2009.07.18"]

1. d4 Nf6 2. c4 e6 3. Nf3 Bb4+ 4. Bd2 a5 5. g3 d6 6. Bg2 Nbd7 7. O-O e5 8. e3
O-O 9. Nc3 c6 10. Qc2 Qe7 11. a3 Bxc3 12. Bxc3 a4 13. dxe5 dxe5 14. Bb4 c5 15.
Bc3 e4 16. Ng5 Re8 17. Nh3 Ne5 18. Bxe5 Qxe5 19. Nf4 Bg4 20. h3 Bf3 21. Bxf3
exf3 22. Rfd1 Ra6 23. Rd2 g5 24. Nd5 Ne4 25. Qd1 Nxd2 26. Qxd2 Kg7 27. Qc3 Qxc3
28. Nxc3 Rd8 29. Ne4 Rc6 30. Nxg5 Rd2 31. Nxf3 Rxb2 32. Rd1 Rf6 33. Kg2 Rc2 34.
Rd7 b6 35. e4 h6 36. Nd2 Re6 37. Kf3 Rc3+ 38. Kg4 Rxa3 39. h4 Rf6 40. f3 Rg6+
41. Kf4 Rf6+ 42. Kg4 Rc3 43. h5 a3 44. f4 Rd6 45. Rxd6 a2 46. f5 a1=Q 47. f6+
Kh7 48. Rd7 Qd1+ 49. Kh4 Qh1+ 50. Kg4 Qe1 51. Rxf7+ Kg8 52. Rg7+ Kf8 53. Kf5
Qxd2 54. Ke6 Qd4 55. Rg4 Qxc4+ 0-1

[Event "10. Open Internacional de Galapagar"]
[Site "Galapagar ESP"]
[Date "2009.07.21"]
[Round "4.7"]
[White "Prada Lopez, Miguel Angel"]
[Black "Serrano Martinez, Francisco Jose"]
[Result "1-0"]
[WhiteElo "2151"]
[BlackElo "1970"]
[PlyCount "47"]
[EventDate "2009.07.18"]
[EventType "swiss"]
[EventRounds "9"]
[EventCountry "ESP"]
[Source "lmi"]
[SourceDate "2009.07.18"]

1. Nf3 c5 2. g3 Nc6 3. Bg2 g6 4. O-O Bg7 5. d3 Nf6 6. e4 O-O 7. c3 d6 8. Nbd2
Rb8 9. a4 a6 10. Nc4 b5 11. axb5 axb5 12. Ne3 b4 13. Bd2 Bd7 14. Nh4 Qc8 15. f4
Bh3 16. Bxh3 Qxh3 17. Ra6 bxc3 18. bxc3 Qd7 19. Qa4 Rfc8 20. Nd5 Rb2 21. Bc1
Re2 22. Qd1 Nxd5 23. exd5 Nb8 24. Ra3 1-0

[Event "10. Open Internacional de Galapagar"]
[Site "Galapagar ESP"]
[Date "2009.07.21"]
[Round "4.8"]
[White "Avendano Mateos, Jose"]
[Black "Pascual Palomo, Lucia"]
[Result "1-0"]
[WhiteElo "1925"]
[BlackElo "2116"]
[PlyCount "89"]
[EventDate "2009.07.18"]
[EventType "swiss"]
[EventRounds "9"]
[EventCountry "ESP"]
[Source "lmi"]
[SourceDate "2009.07.18"]

1. d4 f5 2. e4 fxe4 3. Nc3 Nf6 4. Bg5 c6 5. Bxf6 exf6 6. Nxe4 d5 7. Ng3 Bd6 8.
Bd3 g6 9. Qf3 Na6 10. c3 Be6 11. N1e2 Qd7 12. O-O-O b5 13. Nf4 Nc7 14. Rhe1 O-O
15. Nxe6 Nxe6 16. Qg4 Kf7 17. Re2 Bxg3 18. hxg3 f5 19. Qh3 Kg8 20. Rde1 Rf6 21.
g4 Qd6 22. g3 f4 23. Rh1 Nf8 24. g5 Rf7 25. Re5 b4 26. c4 a5 27. c5 Qc7 28.
Rhe1 Qc8 29. Qh4 fxg3 30. Qxg3 Nd7 31. Re6 Nf8 32. Rd6 Raa7 33. f4 Rad7 34. Qg4
Qc7 35. Rf6 Rxf6 36. gxf6 Rf7 37. Qg5 Qd8 38. Re7 h6 39. Qh4 Rh7 40. Rg7+ Kh8
41. f7 Rxg7 42. Qxd8 Rxf7 43. Qd6 Kg7 44. Qxc6 Rxf4 45. Qd6 1-0

[Event "10. Open Internacional de Galapagar"]
[Site "Galapagar ESP"]
[Date "2009.07.21"]
[Round "4.9"]
[White "Lozano Sanchez, Jose Antonio"]
[Black "Fernandez Blazquez, Diego"]
[Result "0-1"]
[WhiteElo "1930"]
[BlackElo "2108"]
[PlyCount "122"]
[EventDate "2009.07.18"]
[EventType "swiss"]
[EventRounds "9"]
[EventCountry "ESP"]
[Source "lmi"]
[SourceDate "2009.07.18"]

1. e4 c5 2. Nf3 d6 3. Bc4 Nc6 4. Nc3 e6 5. d3 a6 6. a4 Nf6 7. O-O Be7 8. h3 Qc7
9. Bf4 b6 10. Qd2 Bb7 11. Rfe1 Nd7 12. Rad1 Nde5 13. Nxe5 dxe5 14. Bg3 g5 15.
Ne2 Rg8 16. c3 Rd8 17. Qe3 h5 18. f3 Bd6 19. Bf2 Qe7 20. d4 exd4 21. cxd4 g4
22. hxg4 hxg4 23. e5 cxd4 24. exd6 dxe3 25. dxe7 Rxd1 26. Rxd1 exf2+ 27. Kxf2
gxf3 28. gxf3 Kxe7 29. Nd4 Nxd4 30. Rxd4 Rd8 31. Rxd8 Kxd8 32. b4 a5 33. bxa5
bxa5 34. f4 Bc6 35. Bb3 Ke7 36. Ke3 Kd6 37. Kd4 f6 38. Bc2 Bd5 39. Bd3 e5+ 40.
fxe5+ fxe5+ 41. Kc3 Kc5 42. Bf5 Bc6 43. Bc2 Bd7 44. Kb3 Kd4 45. Bg6 Be6+ 46.
Ka3 Bc4 47. Kb2 Bd3 48. Bh5 e4 49. Bg4 e3 50. Bf3 Be4 51. Be2 Bc6 52. Kb3 Bd7
53. Bf3 Kd3 54. Bd1 Kd2 55. Bf3 Be6+ 56. Kb2 Bc4 57. Bg4 Be2 58. Be6 Bd1 59.
Bc4 Bxa4 60. Ka3 Bc2 61. Bf1 Bd3 0-1

[Event "10. Open Internacional de Galapagar"]
[Site "Galapagar ESP"]
[Date "2009.07.21"]
[Round "4.10"]
[White "Roa Alonso, Santiago"]
[Black "Julian Sierra, Rogelio"]
[Result "1-0"]
[WhiteElo "2445"]
[BlackElo "2014"]
[PlyCount "47"]
[EventDate "2009.07.18"]
[EventType "swiss"]
[EventRounds "9"]
[EventCountry "ESP"]
[Source "lmi"]
[SourceDate "2009.07.18"]

1. e4 d5 2. exd5 Nf6 3. d4 Nxd5 4. c4 Nb6 5. Nc3 e5 6. Nf3 exd4 7. Nxd4 Be7 8.
Bf4 a6 9. Nb3 Qxd1+ 10. Rxd1 Be6 11. Bxc7 Nxc4 12. Bxc4 Bxc4 13. Na5 b5 14.
Nxc4 bxc4 15. Nd5 Nc6 16. O-O O-O 17. Rc1 Bd8 18. Rxc4 Na5 19. Rc2 Nb7 20. Nb6
Ra7 21. Rd1 Re8 22. Bb8 Bxb6 23. Bxa7 Bxa7 24. Rc7 1-0

[Event "10. Open Internacional de Galapagar"]
[Site "Galapagar ESP"]
[Date "2009.07.21"]
[Round "4.11"]
[White "Cerrato Torrijos, Maria"]
[Black "Moreno Ruiz, Javier"]
[Result "0-1"]
[WhiteElo "1992"]
[BlackElo "2418"]
[PlyCount "80"]
[EventDate "2009.07.18"]
[EventType "swiss"]
[EventRounds "9"]
[EventCountry "ESP"]
[Source "lmi"]
[SourceDate "2009.07.18"]

1. e4 c5 2. Nf3 Nc6 3. d4 cxd4 4. Nxd4 g6 5. Nc3 Bg7 6. Be3 Nf6 7. Bc4 O-O 8.
O-O Nxe4 9. Nxe4 d5 10. Nxc6 bxc6 11. Bd3 dxe4 12. Bxe4 Qc7 13. c3 Rb8 14. Qc2
c5 15. f4 e6 16. Rad1 Bb7 17. Rd2 Bxe4 18. Qxe4 Rfd8 19. Rfd1 Bf8 20. Qa4 Rd5
21. b3 Rbd8 22. Qe4 Qa5 23. Rxd5 exd5 24. Rxd5 Qxc3 25. Kf2 Qb2+ 26. Kf3 Rxd5
27. Qxd5 Qxa2 28. f5 Qc2 29. fxg6 hxg6 30. h4 a5 31. h5 gxh5 32. Qg5+ Qg6 33.
Qxg6+ fxg6 34. Ke4 Kf7 35. Bd2 c4 36. bxc4 a4 37. Bc3 Ke6 38. Kf4 Be7 39. Ke4
g5 40. Be5 a3 0-1

[Event "10. Open Internacional de Galapagar"]
[Site "Galapagar ESP"]
[Date "2009.07.21"]
[Round "4.12"]
[White "Ramirez Garcia, Jorge Alberto"]
[Black "Andalon Gomez, Carlos J"]
[Result "1-0"]
[WhiteElo "2203"]
[BlackElo "2012"]
[PlyCount "39"]
[EventDate "2009.07.18"]
[EventType "swiss"]
[EventRounds "9"]
[EventCountry "ESP"]
[Source "lmi"]
[SourceDate "2009.07.18"]

1. e4 c6 2. d4 d5 3. Nd2 dxe4 4. Nxe4 Nd7 5. Nf3 Ngf6 6. Nxf6+ Nxf6 7. Ne5 Nd7
8. Nd3 e5 9. dxe5 Be7 10. f4 O-O 11. Be3 Nb6 12. Qf3 f6 13. O-O-O Qc7 14. Be2
Be6 15. Nc5 Bd5 16. Qh3 fxe5 17. Ne6 Bxe6 18. Qxe6+ Rf7 19. Bxb6 Qxb6 20. Bc4
1-0

[Event "10. Open Internacional de Galapagar"]
[Site "Galapagar ESP"]
[Date "2009.07.21"]
[Round "4.13"]
[White "Ruiz de Alegria Madariaga, Carlos"]
[Black "Perez Marco, Ricardo"]
[Result "1-0"]
[WhiteElo "1965"]
[BlackElo "2183"]
[PlyCount "73"]
[EventDate "2009.07.18"]
[EventType "swiss"]
[EventRounds "9"]
[EventCountry "ESP"]
[Source "lmi"]
[SourceDate "2009.07.18"]

1. e4 e5 2. Nf3 Nc6 3. Bb5 a6 4. Ba4 Nf6 5. O-O b5 6. Bb3 Be7 7. Re1 O-O 8. a4
b4 9. Bd5 Bd6 10. Ba2 Bc5 11. h3 d5 12. exd5 Nxd5 13. d3 Re8 14. Ng5 Be6 15.
Nxe6 Rxe6 16. Nd2 Rg6 17. Ne4 Bb6 18. c3 bxc3 19. bxc3 Kh8 20. Qf3 Nxc3 21.
Nxc3 Qh4 22. Re4 Qd8 23. Be3 Rf6 24. Qg3 Qxd3 25. Rc4 Rg6 26. Qf3 Rc8 27. Rxc6
Bxe3 28. Rd1 Bxf2+ 29. Qxf2 Qxd1+ 30. Nxd1 Rxc6 31. Qxf7 Rd8 32. Ne3 Rf6 33.
Qxc7 Re8 34. Ng4 Rf5 35. Bb1 Rg5 36. Nh6 Rg6 37. Qf7 1-0

[Event "10. Open Internacional de Galapagar"]
[Site "Galapagar ESP"]
[Date "2009.07.21"]
[Round "4.14"]
[White "Semprun Martinez, Fernando"]
[Black "Sanchez Delgado, Lidia"]
[Result "1/2-1/2"]
[WhiteElo "2179"]
[BlackElo "2006"]
[PlyCount "52"]
[EventDate "2009.07.18"]
[EventType "swiss"]
[EventRounds "9"]
[EventCountry "ESP"]
[Source "lmi"]
[SourceDate "2009.07.18"]

1. e4 c5 2. Nf3 Nc6 3. d4 cxd4 4. Nxd4 g6 5. Nc3 Bg7 6. Nb3 Nf6 7. Be2 O-O 8.
O-O d6 9. Re1 Be6 10. Bf1 a6 11. Nd5 Ne5 12. Bg5 Bxd5 13. exd5 Rc8 14. c3 Qd7
15. Qd2 Rfe8 16. h3 Qa4 17. Be3 Qd7 18. Rad1 b5 19. Bd4 Qf5 20. Bxe5 dxe5 21.
Qe3 e4 22. Nc5 Nxd5 23. Rxd5 Qxd5 24. Nxa6 Qxa2 25. Bxb5 Red8 26. Qe2 Bf6
1/2-1/2

[Event "10. Open Internacional de Galapagar"]
[Site "Galapagar ESP"]
[Date "2009.07.21"]
[Round "4.15"]
[White "Sanchez Alarcos Galian, Victor"]
[Black "Collado Barbas, Alberto"]
[Result "1-0"]
[WhiteElo "2146"]
[BlackElo "1986"]
[PlyCount "93"]
[EventDate "2009.07.18"]
[EventType "swiss"]
[EventRounds "9"]
[EventCountry "ESP"]
[Source "lmi"]
[SourceDate "2009.07.18"]

1. d4 d5 2. c4 e6 3. Nc3 c6 4. e3 Nd7 5. Bd3 Bd6 6. e4 dxe4 7. Nxe4 Bb4+ 8. Bd2
Bxd2+ 9. Qxd2 Ndf6 10. Nf3 Nxe4 11. Bxe4 Nf6 12. Bc2 O-O 13. O-O Qc7 14. Rac1
Rd8 15. Qe3 b6 16. c5 bxc5 17. dxc5 Rb8 18. Rfd1 Ba6 19. b3 Nd5 20. Qe5 Qxe5
21. Nxe5 Rbc8 22. g3 f6 23. Bd3 Bxd3 24. Nxd3 a5 25. Nb2 Ra8 26. Kf1 Kf8 27.
Rd4 Nb4 28. Rxd8+ Rxd8 29. a3 Rd2 30. axb4 Rxb2 31. bxa5 Rxb3 32. Ra1 Ke7 33.
a6 Rb8 34. Ke2 Rd8 35. h4 e5 36. g4 h6 37. Ke3 Ke6 38. a7 Ra8 39. h5 Kd5 40.
Rd1+ Kxc5 41. Rd7 Kb6 42. Rxg7 Rxa7 43. Rg6 Ra4 44. f3 Ra3+ 45. Kf2 Kc5 46.
Rxh6 Kd4 47. Rxf6 1-0

[Event "10. Open Internacional de Galapagar"]
[Site "Galapagar ESP"]
[Date "2009.07.21"]
[Round "4.16"]
[White "Arbunic Castro, Giovanna B"]
[Black "Fernandez Garcia, Ignacio"]
[Result "0-1"]
[WhiteElo "2105"]
[BlackElo "1958"]
[PlyCount "44"]
[EventDate "2009.07.18"]
[EventType "swiss"]
[EventRounds "9"]
[EventCountry "ESP"]
[Source "lmi"]
[SourceDate "2009.07.18"]

1. e4 g6 2. d4 Bg7 3. Nc3 c5 4. Be3 cxd4 5. Bxd4 Nf6 6. e5 Nh5 7. Qd2 Nc6 8. f4
f5 9. O-O-O Bh6 10. g3 O-O 11. Bc4+ Kh8 12. e6+ Nxd4 13. Qxd4+ Bg7 14. Qd3 d6
15. Nf3 b5 16. Nxb5 Ba6 17. Ng5 Qb6 18. Nc3 Bxc4 19. Qxc4 Rfc8 20. Qd3 Rab8 21.
Nd5 Bxb2+ 22. Kd2 Qf2+ 0-1

[Event "10. Open Internacional de Galapagar"]
[Site "Galapagar ESP"]
[Date "2009.07.21"]
[Round "4.17"]
[White "Beltran de Heredia y Alonso, Miguel"]
[Black "Anton Veiga, Juan Carlos"]
[Result "1-0"]
[WhiteElo "1931"]
[BlackElo "2090"]
[PlyCount "65"]
[EventDate "2009.07.18"]
[EventType "swiss"]
[EventRounds "9"]
[EventCountry "ESP"]
[Source "lmi"]
[SourceDate "2009.07.18"]

1. b3 e5 2. Bb2 Nc6 3. e3 d5 4. Bb5 Bd6 5. Nf3 Qe7 6. c4 Nf6 7. c5 Bxc5 8. Nxe5
Qd6 9. O-O O-O 10. d4 Bb6 11. Bxc6 bxc6 12. Qc2 Re8 13. Qxc6 Ba6 14. Rc1 Qd8
15. Nd2 Be2 16. Ndf3 Bxf3 17. Nxf3 Ne4 18. Ba3 Re6 19. Qc2 Rf6 20. Bb4 c6 21.
Qe2 Bc7 22. Be1 Qe7 23. g3 g5 24. Rc2 Re8 25. Rac1 Qd7 26. Kg2 Rh6 27. Ng1 Bb8
28. f3 Nf6 29. Rxc6 Ng4 30. Rxh6 Nxh6 31. Bf2 Nf5 32. Qd3 Kg7 33. Rc5 1-0

[Event "10. Open Internacional de Galapagar"]
[Site "Galapagar ESP"]
[Date "2009.07.21"]
[Round "4.18"]
[White "Lopez de Turiso, Jose Angel"]
[Black "Iagar, Razvan Gabriel"]
[Result "1/2-1/2"]
[WhiteElo "2087"]
[BlackElo "1949"]
[PlyCount "55"]
[EventDate "2009.07.18"]
[EventType "swiss"]
[EventRounds "9"]
[EventCountry "ESP"]
[Source "lmi"]
[SourceDate "2009.07.18"]

1. e4 e6 2. c4 b6 3. d4 Bb7 4. d5 exd5 5. exd5 Nf6 6. Nf3 Bc5 7. Be2 c6 8. dxc6
dxc6 9. Qxd8+ Kxd8 10. O-O Nbd7 11. Nc3 Re8 12. h3 Ke7 13. Bf4 Bd6 14. Bxd6+
Kxd6 15. Rad1+ Kc7 16. Rd2 Re7 17. Nd4 g6 18. f4 Rae8 19. Bf3 Nc5 20. Rfd1 Re1+
21. Kf2 Rxd1 22. Rxd1 Nce4+ 23. Nxe4 Nxe4+ 24. Kg1 a6 25. Kh2 c5 26. Nc2 Nd6
27. Bxb7 Nxb7 28. Re1 1/2-1/2

[Event "10. Open Internacional de Galapagar"]
[Site "Galapagar ESP"]
[Date "2009.07.21"]
[Round "4.19"]
[White "Fernandez Garcia, Javier"]
[Black "Lorite Cruz, Francisco"]
[Result "1/2-1/2"]
[WhiteElo "1923"]
[BlackElo "2084"]
[PlyCount "34"]
[EventDate "2009.07.18"]
[EventType "swiss"]
[EventRounds "9"]
[EventCountry "ESP"]
[Source "lmi"]
[SourceDate "2009.07.18"]

1. d4 Nf6 2. Nf3 e6 3. e3 b6 4. Bd3 Bb7 5. O-O Ne4 6. c4 f5 7. Nc3 Be7 8. Nd2
Nxc3 9. bxc3 O-O 10. e4 d6 11. Qc2 g6 12. d5 Nd7 13. Nb3 fxe4 14. Bxe4 e5 15.
Bxg6 hxg6 16. Qxg6+ Kh8 17. Qh6+ Kg8 1/2-1/2

[Event "10. Open Internacional de Galapagar"]
[Site "Galapagar ESP"]
[Date "2009.07.21"]
[Round "4.20"]
[White "Moreno Torrero, Javier"]
[Black "Olias Munoz, Francisco"]
[Result "1-0"]
[WhiteElo "2060"]
[BlackElo "1929"]
[PlyCount "111"]
[EventDate "2009.07.18"]
[EventType "swiss"]
[EventRounds "9"]
[EventCountry "ESP"]
[Source "lmi"]
[SourceDate "2009.07.18"]

1. e4 c5 2. Nf3 d6 3. d4 cxd4 4. Nxd4 Nf6 5. Nc3 g6 6. Be3 Bg7 7. f3 O-O 8. Qd2
Nc6 9. Bc4 Bd7 10. Bb3 Qa5 11. O-O-O Rfc8 12. h4 Ne5 13. g4 Nc4 14. Bxc4 Rxc4
15. Kb1 Rac8 16. Nd5 Qxd2 17. Nxf6+ Bxf6 18. Rxd2 a5 19. h5 Bxd4 20. Bxd4 g5
21. h6 f6 22. Bb6 Be6 23. b3 Rc3 24. Rf1 a4 25. Bd4 R3c6 26. Kb2 b5 27. Rff2
Kf7 28. Be3 Rc3 29. Rd3 Rxd3 30. cxd3 Kg6 31. Rh2 Bd7 32. d4 e6 33. e5 dxe5 34.
dxe5 f5 35. gxf5+ exf5 36. Rd2 Be8 37. Rg2 Kxh6 38. Rxg5 Bg6 39. Rxf5+ Kg7 40.
Rf6 Rc2+ 41. Ka3 axb3 42. axb3 Re2 43. Bd4 Rd2 44. Bc3 Rd3 45. Kb4 h5 46. Rf4
Kh6 47. Rf8 Kg7 48. Rc8 Rxf3 49. e6+ Rxc3 50. Rxc3 Kf6 51. Re3 Be8 52. Kc5 h4
53. Kd6 Kf5 54. Rf3+ Kg4 55. Rf8 Bh5 56. e7 1-0

[Event "10. Open Internacional de Galapagar"]
[Site "Galapagar ESP"]
[Date "2009.07.21"]
[Round "4.21"]
[White "Rodriguez Perez, Angel Mariano"]
[Black "Castillo Sanz, Javier"]
[Result "1-0"]
[WhiteElo "2053"]
[BlackElo "1921"]
[PlyCount "121"]
[EventDate "2009.07.18"]
[EventType "swiss"]
[EventRounds "9"]
[EventCountry "ESP"]
[Source "lmi"]
[SourceDate "2009.07.18"]

1. e4 g6 2. d4 c6 3. Nc3 d5 4. Bf4 Bg7 5. e5 f6 6. Nf3 Nh6 7. Qd2 Nf7 8. O-O-O
Bg4 9. Re1 Bxf3 10. gxf3 f5 11. h4 e6 12. Bd3 Bf8 13. Reg1 Be7 14. Bg3 b5 15.
h5 g5 16. h6 Qa5 17. f4 b4 18. Nb1 Qxa2 19. fxg5 Nxg5 20. Qe2 Nd7 21. Qh5+ Nf7
22. Bxf5 Nf8 23. Bd3 c5 24. Bb5+ Nd7 25. Bxd7+ Kxd7 26. Qxf7 Raf8 27. Qh5 Rf5
28. Qe2 c4 29. Bh4 Bxh4 30. Rxh4 Rhf8 31. Rg7+ Kc6 32. Rh2 c3 33. bxc3 b3 34.
Re7 Rf3 35. Rxe6+ Kc7 36. Rg2 R8f7 37. Rg7 Rxg7 38. hxg7 Rh3 39. Re7+ Kb6 40.
Rb7+ Kxb7 41. Qb5+ Kc7 42. Qc5+ Kb7 43. Qxd5+ Kc7 44. Qc4+ Kb7 45. Qxb3+ Qxb3
46. cxb3 Rh1+ 47. Kd2 Rg1 48. Ke3 h5 49. Nd2 Rxg7 50. Nf3 Rg4 51. d5 h4 52. c4
h3 53. c5 Rg1 54. e6 Re1+ 55. Kf4 Kc7 56. d6+ Kc6 57. e7 Kd7 58. c6+ Kxd6 59.
Nxe1 h2 60. e8=Q h1=Q 61. Qe5+ 1-0